Представление документа в формате MARC21

ПолеНазваниеЗначение
  Тип записи a
  Библиографический уровень m
001 Контрольный номер RU\infra-m\znanium\bibl\2253850
005 Дата корректировки 20260429142058.3
008 Кодируемые данные 260409s2026 RU g rus u
020 Индекс ISBN __
a ISBN 978-5-908083-45-4
040 Источник каталогиз. __
a Служба первич. каталог. Общество с ограниченной ответственностью «ЗНАНИУМ»
041 Код языка издания __
a Код языка текста rus
044 Код страны публикации __
a Код страны публикации RU
080 Индекс УДК __
a Индекс УДК 37
080 Индекс УДК __
a Индекс УДК 39
084 Индекс другой классификации/Индекс ББК __
2 Источник индекса rubbk
a Индекс другой классификации/Индекс ББК 635
084 Индекс другой классификации/Индекс ББК __
2 Источник индекса okso
a Индекс другой классификации/Индекс ББК 44.03.01
100 Автор __
a Автор Бакланова Т. И.
q Полное имя Бакланова Татьяна Ивановна
245 Заглавие __
a Заглавие Азбука народной культуры : русские народные праздники в классе народных промыслов
b Продолж. заглавия Учебно-методическое пособие по курсу внеурочной деятельности «Азбука народной культуры», 1-6 классы; Учебно-методическая литература
250 Сведения об издании __
a Основные сведения об издании 1
260 Выходные данные __
a Место издания Чебоксары
b Издательство ООО "Издательский дом "Среда"
c Дата издания 2026
300 Физическое описание __
a Объем 125 с.
520 Аннотация __
a Аннотация Учебно-методическое пособие разработано в рамках проекта «Азбука народной культуры» Ассоциации «Народные художественные промыслы России» основано на дополнительной общеобразовательной программе Т.И. Баклановой «Азбука народной культуры» включает материалы для занятий со школьниками по модулю «Русские народные праздники» данной программы. Пособие адресовано учителям педагогам-организаторам методистам педагогам дополнительного образования студентам педагогических колледжей и вузов а также колледжей и вузов культуры и искусств.
521 Примеч. о цел. назн. __
a Примеч. о целев. назн. ВО - Бакалавриат
650 Тематические рубрики __
a Основная рубрика Педагогика. Образование
x Основная подрубрика Организация общего среднего образования
655 Указ. предметных рубрик (устаревшее) __
a Жанр/ форма (устаревшее) Учебно-методическая литература
856 Электронный адрес документа 4_
a Имя сервера/домена znanium.ru
m Помощь ebs_support@infra-m.ru
n Местонахождение сервера НИЦ ИНФРА-М
u URL https://znanium.ru/catalog/document?id=481319
856 Электронный адрес документа 48
a Имя сервера/домена znanium.ru
d Путь /cover/2253
f Электронное имя 2253850.jpg
q Тип электронного формата image/jpeg
u URL https://znanium.ru/cover/2253/2253850.jpg
911 __
u 0030=https://znanium.ru/catalog/document?id=481319